000 01106nam a2200301Ia 4500
008 130821s1999 ck gr spa
020 _a9589326110
040 _aCo-BoUCM
_bspa
041 0 0 _aspa
245 0 0 _aPobreza Reto para el desarrollo
_cAlberto Benegas Lynch ... [et al]
260 _aBogotá (Colombia)
_bInstituto de Estudios Sociales Juan Pablo II
_c1999
300 _a101 páginas
490 _aColección horizontes de solidaridad; 19
504 _aIncluye bibliografía e índice
650 0 4 _aDesarrollo social
_912991
650 0 4 _aPobres
_921745
650 0 4 _aPobreza
_921746
650 0 4 _aPobreza
_zAmérica Latina
_936500
650 0 4 _aPolítica social
_zPaíses en desarrollo
_922021
651 _aAmérica Latina
_926753
700 _aBenegas Lynch, Alberto
_9157910
700 _aCarrillo Florez, Fernando
_931036
700 _aEscobar Herran, Guillermo León
_9106899
700 _aMahecha C Rdenas, Juan Carlos
_9157911
700 _aRodríguez Madariaga, Oscar Andrés
_9157912
942 _cLIBRO
_a5
_e1
_mP739p
_2DEWEY
_h362.5
999 _c29756
_d29756